| 000 | 00907nam a2200277 a 4500 | ||
|---|---|---|---|
| 001 | 55558 | ||
| 003 | BD-RjUL | ||
| 005 | 20211209080301.0 | ||
| 008 | 161120s1959 enka 001 0 eng | ||
| 035 | _a(BD-RjUL) 55681 | ||
| 040 |
_aDLC _cDLC _dBD-RjUL _beng |
||
| 041 | _aeng | ||
| 082 | 0 | 0 |
_a515.625 _bCHA 1959 _223 |
| 100 | 1 |
_aCheng, David K. _q(David Keun), _d1917- _924015 |
|
| 245 | 1 | 0 |
_aAnalysis of linear systems / _cDavid K. Cheng. |
| 260 |
_aLondon : _bAddison-Wesley Pub. Co., _cc1959 |
||
| 300 |
_axv, 431 p. : _bill. ; _c24 cm. |
||
| 490 | 1 | _aThe Addison-Wesley series in electrical engineering | |
| 500 | _aIncludes index. | ||
| 650 | 0 |
_aLinear systems. _920105 |
|
| 650 | 0 |
_aDifferential equations, Linear. _919816 |
|
| 650 | 0 |
_aElectromechanical analogies. _924016 |
|
| 650 | 2 |
_aMathematics. _924017 |
|
| 830 | 0 |
_aAddison-Wesley series in electrical engineering. _9165484 |
|
| 942 |
_2ddc _cBK |
||
| 999 |
_c55558 _d55558 |
||